Angelology - Statistics

General Stats
  • This quiz has been taken 7 times
  • The average score is 10 of 24
Answer Stats
Hint Answer % Correct
Official Archangels in Catholicism Michael
100%
Official Archangels in Catholicism Gabriel
86%
Fallen angels Lucifer
86%
Highest Orders of Angels (according to Pseudo-Dionysus) Cherubim
71%
Psychopomp angels in Judaism and Islam respectively Azrael
57%
Middle Orders of Angels (according to Pseudo-Dionysus) Powers
57%
Official Archangels in Catholicism Raphael
57%
Highest Orders of Angels (according to Pseudo-Dionysus) Seraphim
57%
Highest Orders of Angels (according to Pseudo-Dionysus) Thrones
57%
Lowest Orders of Angels (according to Pseudo-Dionysus) Angels
43%
Lowest Orders of Angels (according to Pseudo-Dionysus) Archangels
43%
Middle Orders of Angels (according to Pseudo-Dionysus) Dominions
43%
Lowest Orders of Angels (according to Pseudo-Dionysus) Principalities
43%
Middle Orders of Angels (according to Pseudo-Dionysus) Virtues
43%
Earliest religion to have angelic creatures Zoroastrianism
29%
Fallen angels Azazel
14%
Fallen angels Azza
14%
Fallen angels Futrus
14%
Fallen angels Iblis
14%
The angel which contacted Joseph Smith in Mormonism Moroni
14%
Infantile angels originally associated with Cupid/Eros, and later with Christianity Puttos
14%
Psychopomp angels in Judaism and Islam respectively Samael
14%
Fallen angels Samyaza
14%
Fallen angels Uzza
14%
No matching quizzes found
Score Distribution
Percent of People with Each Score
Percentile by Number Answered
Your Score History
You have not taken this quiz